00498nam a2200145Ia 4500008004100000082001100041100001500052245001700067260003300084630002800117650006800145942000900213952011100222999001900333211122s9999||||xx |||||||||||||| ||und|| a508.05 aAli, Salim 0aVolume title bBombay PoulineaBombayc1956 xPost Graduate Reference asciencevnatural sciences and mathematicsnatural historyZoology cBOOK 00104070aSBCLbSBCLc3d2021-11-22g500.00l0o508.05 p00113184r2021-11-22 00:00:00w2021-11-22yBOOK c130951d130951